Pédogenèse sur socle granito-gneissique du Togo : différenciation des sols et remaniements superficiels (Record no. 10299)
[ view plain ]
| 000 -LEADER | |
|---|---|
| fixed length control field | 00736 a2200253 4500 |
| 035 ## - SYSTEM CONTROL NUMBER | |
| System control number | 12880 |
| 020 ## - NUMERO INTERNATIONAL NORMALISE DES LIVRES | |
| International Standard Book Number | 2-7099-0514-0 |
| 100 ## - VEDETTE PRINCIPALE - NOM DE PERSONNE | |
| Personal name | LEVEQUE, André |
| 130 ## - VEDETTE PRINCIPALE - TITRE UNIFORME | |
| Language of a work | Fr. |
| 260 ## - PUBLICATION, DISTRIBUTION, ETC. (IMPRINT) | |
| Place of publication, distribution, etc | Paris |
| 260 ## - PUBLICATION, DISTRIBUTION, ETC. (IMPRINT) | |
| Name of publisher, distributor, etc | ORSTOM |
| 245 ## - TITLE STATEMENT | |
| Title | Pédogenèse sur socle granito-gneissique du Togo : différenciation des sols et remaniements superficiels |
| 260 ## - PUBLICATION, DISTRIBUTION, ETC. (IMPRINT) | |
| Date of publication, distribution, etc | 1979 |
| 300 ## - PHYSICAL DESCRIPTION | |
| Extent | 224 p.-[6]f. de pl. |
| 300 ## - PHYSICAL DESCRIPTION | |
| Other physical details | fig., tabl., planches ; 27 cm. |
| 440 ## - SERIES STATEMENT/ADDED ENTRY--TITLE | |
| Number of part/section of a work | 108 |
| 440 ## - SERIES STATEMENT/ADDED ENTRY--TITLE | |
| Title | (Travaux et documents de l'O.R.S.T.O.M.) |
| 500 ## - GENERAL NOTE | |
| General note | Comprend une bibliographie |
| 650 ## - SUBJECT ADDED ENTRY--TOPICAL TERM | |
| Topical term or geographic name as entry element | <Pédogenèse-Togo><Socle granito-gneissique-Togo> |
| Withdrawn status | Lost status | Damaged status | Not for loan | Location (home branch) | Sublocation or collection (holding branch) | Date acquired | Source of acquisition | Koha issues (times borrowed) | Koha full call number | Piece designation (barcode) | Koha date last seen | Copy number | Koha item type |
|---|---|---|---|---|---|---|---|---|---|---|---|---|---|
| Bibliothèque Ecole Polytechnique d'Abomey-Calavi | Bibliothèque Ecole Polytechnique d'Abomey-Calavi | 27/02/2009 | EPAC | 631.466 8/L657p | 20914EPAC | 27/02/2009 | 1 | Livre |